000 00474nam a2200157Ia 4500
008 240729s9999 xx 000 0 und d
022 _a2672-2836
245 4 _aThe Philippine Journal of Fisheries
260 _aPhilippines
260 _bNational Fisheries Research and Development Institute
650 _a Aquaculture. Fisheries. Angling
650 _aAgriculture
856 _uhttps://doaj.org/toc/5f247ee6ecbb43cfbbb11d47373f254d
942 _2ddc
942 _cDOAJEJ
999 _c68412
_d68412
945 _a1
_bMadushi Gamage
_c1
_dMadushi Gamage